000 00721nam a2200217Ii 4500
003 JO-AjNU
008 230605s9999||||xx |||||||||||||| ||und||
017 _a2010/5/1877
040 _aJO-AjNU
_bara
_erda
_cJO-AjNU
041 _aara
050 1 4 _aHF 5667 .A28 2011
100 3 _aأبو هيبة، حامد طلبة محمد ,
_eauthor
_930038
245 0 0 _aاصول المراجعة
250 _aط1
264 3 1 _aعمان: زمزم ناشرون وموزعون، 2011
300 _a345ص
_bيحتوي على ببلوغرافية من ص343-345ص
336 _atext
_btxt
_2rdacontent
337 _aunmediated
_bn
_2rdamedia
338 _avolume
_bnc
_2rdacarrier
650 4 _aمراجعة الحسابات
_930039
999 _aA11860
_c15428
_d15428